Bytová výstavba a politika v Slovenskej republike v období rokov 2000-2007 diplomová práca

Gespeichert in:
Bibliographische Detailangaben
1. Verfasser: Galandová, Eva
Körperschaft: Národohospodárska fakulta EU. Katedra financií
Weitere Verfasser: Pauhofová, Iveta
Format: Buch
Sprache:Slowakisch
Veröffentlicht: Bratislava 2008
Tags: Tag hinzufügen
Keine Tags, Fügen Sie das erste Tag hinzu!

MARC

LEADER 00000nam$a2200000$$$4500
001 0078668
005 20230113082320.1
041 0 |a slo 
044 |a SK 
245 1 0 |a Bytová výstavba a politika v Slovenskej republike v období rokov 2000-2007  |b diplomová práca  |c Eva Galandová ; škol. Iveta Pauhofová 
264 1 |a Bratislava  |c 2008 
300 |a 67 s. 
100 1 |a Galandová, Eva 
700 1 |a Pauhofová, Iveta 
710 2 |a Národohospodárska fakulta EU. Katedra financií